| 000 | 00384nam a2200133Ia 4500 | ||
|---|---|---|---|
| 008 | 231017s9999 xx 000 0 und d | ||
| 082 | _a388.1 | ||
| 082 | _bTRB | ||
| 245 | 0 | _aTrip generation rates for urban infill land uses in California | |
| 245 | 0 | _cCalifornia Department of Transportation | |
| 260 | _bCalifornia Department of Transportation | ||
| 300 | _c30cm | ||
| 942 | _cREP | ||
| 999 |
_c605359 _d605359 |
||